000 00556cab a2200193 4500
001 X90277
008 090401t1998 xxu||||| |||| 00| 0 eng d
035 _a(Sirsi) u84737
041 _aeng
245 _aHighway funding
260 _c1998
350 _a0
490 _aEstates Gazette Case Summaries
_v[1998] EGCS 24, (1) (21/02/98)
520 _a"Rochester upon Medway CC v Kent CC" 9 February 1998.
650 _aROCHESTER UPON MEDWAY CC V KENT CC
690 _aHIGHWAYS RIGHTS OF WAY AND EASEMENTS-CASE LAW
942 _n0
948 _c06/03/1998
999 _c53290
_d53290